000 00518nam a2200193Ia 4500
003 OSt
005 20221007082745.0
006 a|||||r|||| 00| 0
007 ta
008 221006b |||||||| |||| 00| 0 eng d
024 _a23,062
037 _cDissertations
040 _aFLL
_cFLL
_beng
041 _2eng
_aeng
100 _aKumar Pawan
245 0 _aUse and misuse of article 356 by the political party having government at the centre
942 _cDIS
_2CC
999 _c1167630
_d1167630